|
|
|
|
| LEADER |
01797nam a2200457 a 4500 |
| 001 |
EBC432294 |
| 003 |
MiAaPQ |
| 005 |
20200520144314.0 |
| 006 |
m o d | |
| 007 |
cr cn||||||||| |
| 008 |
080221s2008 ilua sb 001 0 eng |
| 010 |
|
|
|z 2008006413
|
| 015 |
|
|
|a GBA895751
|2 bnb
|
| 016 |
7 |
|
|z 014685313
|2 Uk
|
| 020 |
|
|
|z 9780226745633 (cloth : alk. paper)
|
| 020 |
|
|
|z 9780226745640 (pbk. : alk. paper)
|
| 020 |
|
|
|z 0226745635 (cloth : alk. paper)
|
| 020 |
|
|
|z 0226745643 (pbk. : alk. paper)
|
| 035 |
|
|
|a (MiAaPQ)EBC432294
|
| 035 |
|
|
|a (Au-PeEL)EBL432294
|
| 035 |
|
|
|a (CaPaEBR)ebr10288717
|
| 035 |
|
|
|a (CaONFJC)MIL207022
|
| 035 |
|
|
|a (OCoLC)435816611
|
| 040 |
|
|
|a MiAaPQ
|c MiAaPQ
|d MiAaPQ
|
| 043 |
|
|
|a n-us---
|
| 050 |
|
4 |
|a HE5623
|b .S42 2008
|
| 082 |
0 |
4 |
|a 303.48/320973
|2 22
|
| 100 |
1 |
|
|a Seiler, Cotten.
|
| 245 |
1 |
0 |
|a Republic of drivers
|h [electronic resource] :
|b a cultural history of automobility in America /
|c Cotten Seiler.
|
| 260 |
|
|
|a Chicago :
|b University of Chicago Press,
|c 2008.
|
| 300 |
|
|
|a x, 230 p. :
|b ill. ;
|c 23 cm.
|
| 504 |
|
|
|a Includes bibliographical references (p. 155-215) and index.
|
| 533 |
|
|
|a Electronic reproduction. Ann Arbor, MI : ProQuest, 2015. Available via World Wide Web. Access may be limited to ProQuest affiliated libraries.
|
| 650 |
|
0 |
|a Automobiles
|x Social aspects
|z United States
|x History
|y 20th century.
|
| 650 |
|
0 |
|a National characteristics, American.
|
| 650 |
|
0 |
|a Social values
|z United States
|x History
|y 20th century.
|
| 651 |
|
0 |
|a United States
|x Social conditions
|y 20th century.
|
| 651 |
|
0 |
|a United States
|x Civilization
|y 20th century.
|
| 655 |
|
4 |
|a Electronic books.
|
| 710 |
2 |
|
|a ProQuest (Firm)
|
| 856 |
4 |
0 |
|u https://ebookcentral.proquest.com/lib/matrademy/detail.action?docID=432294
|z Click to View
|